Revoltes populars contra el poder de l'Estat : Jornades de debat : Reus, 18-20 octubre 1990 Jornades de debat :
Descripción Física:
102 p. ; 30 cm
MARC
| LEADER | 00000nam a2200000Ia 4500 | ||
|---|---|---|---|
| 001 | 9771 | ||
| 008 | 160829s1992 xx 000 0 cat d | ||
| 080 | |a M-2-355 | ||
| 245 | |a Revoltes populars contra el poder de l'Estat : |b Jornades de debat : |b Reus, 18-20 octubre 1990 | ||
| 260 | |a Barcelona : |b Generalitat de Catalunya, Departament de Cultura, |c 1992 | ||
| 300 | |a 102 p. ; |c 30 cm | ||
| 590 | |a Textos en català i castellà | ||
| 650 | |a Revolucions |x Espanya |9 31585 | ||
| 650 | |a Revoltes camperoles |x Espanya |x Congressos |9 31586 | ||
| 901 | |a Arxiu | ||
| 942 | |n 1 | ||
| 952 | |0 0 |1 0 |4 0 |6 M2355 |7 1 |9 45682 |a Arxiu |b Arxiu |d 2016-12-01 |l 0 |o M-2-355 |p 9771 |r 2016-12-01 00:00:00 |w 2016-12-01 |y ARXIU | ||
| 999 | |c 49182 |d 49182 | ||